Trouvez le club de ces joueurs français - Statistiques

Statistiques générales
  • Ce quiz a été pris 189 fois
  • Le résultat moyen est 11 sur 15
Statistiques - réponses
Joueur Club % Correct
Nabil Fékir Olympique Lyonnais
97%
Franck Ribéry Bayern Munich
94%
Blaise Matuidi Juventus Turin
92%
Alexandre Lacazette Arsenal
89%
Stéphane Ruffier A. S. Saint-Etienne
89%
Olivier Giroud Chelsea FC
89%
Kingsley Coman Bayern Munich
88%
Aymeric Laporte Manchester City
74%
Thomas Lemar Atletico Madrid
72%
Lucas Digne Everton
67%
Benjamin Lecomte Montpellier
60%
Joshua Guilavogui Wolfsburg
45%
Jordan Veretout Fiorentina
40%
Abdoulaye Doucouré Watford
37%
Alassane Pléa Borussia Monchengladbach
35%
Aucun quiz correspondant
Distribution des résultats
% des personnes avec chaque résultat
Percentile par nombre de réponses
Votre historique - résultats
Vous n’avez pas pris ce quiz